The Cambridge encyclopedia of human paleopathology :

محفوظ في:

المؤلف الرئيسي: Aufderheide, Arthur C.

التنسيق: كتاب

اللغة: Undetermined

منشور في: Cambridge, UK : Cambridge University Press, 1998.

الموضوعات:

الوسوم: إضافة وسم

لا توجد وسوم, كن أول من يضع وسما على هذه التسجيلة!

رقم الطلب: (Ref.) R134.8 .A93

LEADER 00703nam a2200181Ia 4500
008 220712s9999||||xx |||||||||||||| ||und||
020 |a 521552036 
050 4 |a (Ref.) R134.8 .A93 
100 1 |a Aufderheide, Arthur C. 
245 1 4 |a The Cambridge encyclopedia of human paleopathology : 
264 1 |a Cambridge, UK :  |b Cambridge University Press,  |c 1998. 
300 |a xviii, 478p. :  |b ill. ;  |c 29cm. 
504 |a Includes bibliographical references. 
555 4 |o (Ref.) R134.8 .A93 
650 |a Paleopathology encyclopedias. 
650 4 |a Paleopathology Encyclopedias. 
952 |0 0  |1 0  |2 lcc  |4 0  |7 1  |9 41871  |a ARCE  |b ARCE  |d 2022-07-21  |l 0  |o (Ref.) R134.8 .A93  |p 1033999  |r 2022-07-21 00:00:00  |w 2022-07-21  |y BK 
999 |c 48850  |d 48850